| 000 | 00363nam a2200133Ia 4500 | ||
|---|---|---|---|
| 008 | 130318s9999 xx 000 0 und d | ||
| 020 | _a70486883 | ||
| 082 | _a658.8 PAR/S | ||
| 100 | _aParry, Mark E | ||
| 245 | _aStrategic marketing management: A means-end approach | ||
| 260 |
_bTata McGraw Hill _aNew Delhi _c2002 |
||
| 300 | _a275 | ||
| 650 | _aMARKETING MANAGEMENT | ||
| 999 |
_c657 _d657 |
||